Movies Quiz

Random Movies or Quote Quiz

Clear and Present Danger Quotes Quiz Stats

 Plays Quiz not verified by Sporcle

Challenge
Share
Tweet
Embed
Score 0/11 Timer 06:00
0 Plays Today
Start of Quote Complete the quote % Correct
'Its an 'ol potomac two-step Jack' 'I'm sorry Mr. President....'I don't dance
80%
'You are such a...'boy scout
60%
'You want to know about Politics in Washington? Four Words....'Watch your back Jack
60%
'He's in the intelligence business....You're in the intelligence business
53.3%
'How dare you come into this office and bark at me like some ...'little junkyard dog
43.3%
'Who authorized this? Cutter?' ' Cutter can't...'tie his shoes without permission
40%
Computer theft is a very serious crime...So are crimes against the constitution
36.7%
'You've taken care of the little fish...'I will take care of the one that got away
26.7%
'Why was I kept out of it?..'You werent kept out of it. You're neck deep in it
26.7%
'Castro always asked me about my sources and...'I always gave him the same answer
20%
'so unless I have written authorization, this whole thing is over before it starts because ...'I'm not going to be the only one left without a chair when the music stops
6.7%

You're not logged in!

Compare scores with friends on all Sporcle quizzes.
Join for Free
OR
Log In

You Might Also Like...

Show Comments

Extras

Top Quizzes Today


Score Distribution

Your Account Isn't Verified!

In order to create a playlist on Sporcle, you need to verify the email address you used during registration. Go to your Sporcle Settings to finish the process.

Report this User

Report this user for behavior that violates our Community Guidelines.

Details: